000 00634nam a2200229Ia 4500
003 OSt
005 20221006164902.0
006 a|||||r|||| 00| 0
007 ta
008 221006b |||||||| |||| 00| 0 eng d
024 _a1,866
037 _cTextual
040 _aFML
_cFML
_beng
041 _2eng
_aeng
082 _aT68:3g, N2
100 _aN I V H Ed.
_9678582
245 0 _aHandbook for the Teachers of the Visual Handicapped
260 _aDehradun
_bNational Institute for Visually Handicapped
_c1992
300 _a280
_ccm.
942 _hT68:3g, N2
_cTEXL
_2CC
999 _c1118817
_d1118817